[Event "Antalya-ch"]
[Site "Antalya"]
[Date "2014.11.22"]
[Round "6"]
[White "Dogan, Sahin Hakan Can"]
[Black "Alper, Edip"]
[Result "1-0"]
[WhiteElo "1341"]
[BlackElo "1438"]
[PlyCount "81"]
[EventDate "2014.11.15"]
[EventType "swiss"]
[EventRounds "7"]
[EventCountry "TUR"]
[SourceTitle "EXT 2016"]
[Source "ChessBase"]
[SourceDate "2015.10.08"]
[SourceVersion "1"]
[SourceVersionDate "2015.10.08"]
[SourceQuality "1"]

1. e4 f5 2. f3 fxe4 3. fxe4 e6 4. Nf3 Nc6 5. d4 Nf6 6. Bd3 d5 7. e5 Ne4 8. Qe2 b6 9. Nbd2 Be7 10. Nxe4 dxe4 11. Bxe4 Bb7 12. c3 Qd7 13. Bg5 0-0-0 14. Bxe7 Nxe7 15. Bxb7+ Kxb7 16. Qe4+ Qd5 17. Qxd5+ Nxd5 18. 0-0-0 h6 19. Rd2 Rhf8 20. Ne1 a5 21. Nc2 b5 22. Re1 a4 23. Ne3 Ne7 24. g3 Rf3 25. Rde2 Rdf8 26. Kc2 h5 27. Rd1 c6 28. Kd2 g5 29. Rg1 Rf2 30. Rg2 R2f7 31. Ke1 Kb6 32. Rgf2 Rxf2 33. Rxf2 Rxf2 34. Kxf2 c5 35. Kf3 cxd4 36. cxd4 Nc6 37. Ke4 Ne7 38. d5 Kc5 39. dxe6 b4 40. Nf5 b3 41. axb3 1-0